[Event "1MCR_3DE_1L_1S"]
[Site "?"]
[Date "2005.??.??"]
[Round "1"]
[White "Doudera, Lubomir"]
[Black "Alexa, Jaroslav"]
[Result "1/2-1/2"]
[WhiteElo "2179"]
[BlackElo "2341"]
[PlyCount "48"]
[EventDate "2005.??.??"]
[EventType "corr"]
[SourceDate "2005.03.20"]

1. e4 c5 2. c3 d5 3. exd5 Qxd5 4. d4 Nf6 5. Nf3 Bg4 6. Be2 e6 7. h3 Bh5 8. O-O
Nc6 9. Be3 cxd4 10. cxd4 Be7 11. Nc3 Qd6 12. Qb3 O-O 13. Rfd1 Rfd8 14. a3 Nd5
15. Nxd5 Qxd5 16. Qxd5 Rxd5 17. g4 Bg6 18. Ne5 Nxe5 19. dxe5 Rxe5 20. Bf3 Rb5
21. b4 a5 22. Rd7 axb4 23. Rxe7 b3 24. Bd4 b2 1/2-1/2

[Event "1MCR_3DE_1L_3S"]
[Site "?"]
[Date "2005.??.??"]
[Round "3"]
[White "Peroutik, Jiri"]
[Black "Mika, Petr"]
[Result "1/2-1/2"]
[WhiteElo "1822"]
[BlackElo "1715"]
[PlyCount "48"]
[EventDate "2005.??.??"]
[EventType "corr"]
[SourceDate "2005.03.20"]

1. e4 e6 2. d4 d5 3. Nd2 Nf6 4. e5 Nfd7 5. f4 b6 6. Ndf3 Ba6 7. Bxa6 Nxa6 8.
Qe2 Nab8 9. Nh3 Be7 10. f5 Nf8 11. fxe6 Nxe6 12. O-O O-O 13. c3 c6 14. Be3 Nd7
15. Nf4 Nxf4 16. Bxf4 Re8 17. e6 Bf6 18. exf7+ Kxf7 19. Ng5+ Kg8 20. Qh5 Nf8
21. Rf2 Bxg5 22. Bxg5 Qd7 23. b3 Qe6 24. Bd2 Qg6 1/2-1/2

[Event "1MCR_3DE_1L_1S"]
[Site "?"]
[Date "2005.??.??"]
[Round "1"]
[White "Doudera, Lubomir"]
[Black "Pecka, Josef"]
[Result "0-1"]
[WhiteElo "2179"]
[BlackElo "2309"]
[PlyCount "56"]
[EventDate "2005.??.??"]
[EventType "corr"]
[SourceDate "2005.03.20"]

1. e4 e5 2. Nf3 Nc6 3. Bc4 Nf6 4. Ng5 d5 5. exd5 Na5 6. Bb5+ c6 7. dxc6 bxc6 8.
Be2 h6 9. Nf3 e4 10. Ne5 Bd6 11. d4 exd3 12. Nxd3 Qc7 13. b3 O-O 14. Bb2 Ne4
15. Nd2 f5 16. g3 Bb7 17. Nxe4 fxe4 18. Nf4 Rad8 19. Qc1 Rxf4 20. b4 Rf5 21.
bxa5 Qxa5+ 22. c3 Bc5 23. O-O Rdf8 24. Qc2 Bxf2+ 25. Kg2 e3 26. Qe4 Qb6 27.
Qe6+ Kh8 28. Kh3 Bc8 0-1

[Event "1MCR_3DE_1L_1S"]
[Site "?"]
[Date "2005.??.??"]
[Round "1"]
[White "Bucek, Jiri"]
[Black "Baciak, Miloslav"]
[Result "1-0"]
[WhiteElo "2326"]
[BlackElo "1895"]
[PlyCount "101"]
[EventDate "2005.??.??"]
[EventType "corr"]
[SourceDate "2005.03.20"]

1. e4 e5 2. Nf3 Nc6 3. Bb5 a6 4. Bxc6 dxc6 5. O-O f6 6. d4 exd4 7. Nxd4 c5 8.
Ne2 Qxd1 9. Rxd1 Bd7 10. Be3 O-O-O 11. Nbc3 Bd6 12. Bf4 Be6 13. Rd2 Ne7 14.
Rad1 Bxf4 15. Nxf4 Bf7 16. Ncd5 Nxd5 17. Nxd5 Bxd5 18. Rxd5 Rxd5 19. Rxd5 Re8
20. f3 b6 21. Kf2 c4 22. Ke3 c6 23. Rd4 b5 24. g4 Kc7 25. Rd2 c5 26. Rd5 Kc6
27. g5 fxg5 28. Rxg5 Re7 29. f4 a5 30. f5 Rd7 31. h4 Re7 32. h5 Kd7 33. Kf4 Ke8
34. h6 gxh6 35. Rg8+ Kf7 36. Rh8 Kg7 37. Rb8 b4 38. e5 Kf7 39. Rh8 a4 40. Rxh7+
Ke8 41. Rxh6 Kd7 42. Ra6 Re8 43. e6+ Kc7 44. f6 c3 45. bxc3 b3 46. cxb3 axb3
47. axb3 Kb7 48. Rd6 Kc7 49. f7 Rh8 50. Rd7+ Kc6 51. e7 1-0

[Event "1MCR_3DE_1L_1S"]
[Site "?"]
[Date "2005.??.??"]
[Round "1"]
[White "Bucek, Jiri"]
[Black "Tomisek, Petr"]
[Result "1/2-1/2"]
[WhiteElo "2326"]
[BlackElo "2170"]
[PlyCount "57"]
[EventDate "2005.??.??"]
[EventType "corr"]
[SourceDate "2005.03.20"]

1. e4 e5 2. Nf3 Nc6 3. Bb5 f5 4. d3 fxe4 5. dxe4 Nf6 6. O-O Bc5 7. Bxc6 bxc6 8.
Nxe5 O-O 9. Bg5 Qe8 10. Bxf6 Rxf6 11. Nd3 Bd4 12. c3 Bb6 13. Nd2 Ba6 14. c4 d5
15. Qa4 dxc4 16. Qxa6 cxd3 17. Qxd3 Rd8 18. Qc2 Qe6 19. Nc4 Rd4 20. Nxb6 cxb6
21. f3 c5 22. Rfd1 Qe5 23. Rxd4 Qxd4+ 24. Kf1 Rd6 25. Re1 Qe5 26. g3 Qe6 27. e5
Rd4 28. Kg1 g6 29. a3 1/2-1/2

[Event "1MCR_3DE_1L_1S"]
[Site "?"]
[Date "2005.??.??"]
[Round "1"]
[White "Vozda, Jindrich"]
[Black "Bucek, Jiri"]
[Result "1-0"]
[WhiteElo "2494"]
[BlackElo "2326"]
[PlyCount "82"]
[EventDate "2005.??.??"]
[EventType "corr"]
[SourceDate "2005.03.20"]

1. e4 e6 2. d4 d5 3. Nc3 Bb4 4. e5 c5 5. a3 Bxc3+ 6. bxc3 Ne7 7. Nf3 Bd7 8. Rb1
Qc7 9. dxc5 Nbc6 10. Be3 Rb8 11. Bd3 Nxe5 12. Nxe5 Qxe5 13. O-O O-O 14. Re1 Nc6
15. Qf3 Qc7 16. Bf4 e5 17. Bg3 Be6 18. Qh5 f5 19. Bxe5 Nxe5 20. Qe2 Qxc5 21.
Qxe5 Rbe8 22. Qd4 b6 23. Re5 f4 24. Bb5 Re7 25. Qxc5 bxc5 26. Rbe1 Kf7 27. c4
Rd8 28. g3 fxg3 29. hxg3 dxc4 30. f4 Rd5 31. R5e3 g6 32. Bxc4 Rd6 33. g4 Kf6
34. g5+ Kf7 35. Re5 Rb6 36. Kf2 Re8 37. Kg3 Rd6 38. c3 a6 39. f5 Bxc4 40. Rxe8
gxf5 41. R8e5 Bd3 1-0

[Event "1MCR_3DE_1L_1S"]
[Site "?"]
[Date "2005.??.??"]
[Round "1"]
[White "Bares, Jiri"]
[Black "Bucek, Jiri"]
[Result "1/2-1/2"]
[WhiteElo "2174"]
[BlackElo "2326"]
[PlyCount "60"]
[EventDate "2005.??.??"]
[EventType "corr"]
[SourceDate "2005.03.20"]

1. d4 Nf6 2. c4 e6 3. Nc3 d5 4. Bg5 Be7 5. Nf3 h6 6. Bh4 b6 7. cxd5 Nxd5 8.
Bxe7 Qxe7 9. Nxd5 exd5 10. e3 O-O 11. Rc1 Be6 12. Qa4 Rc8 13. Be2 c5 14. Qa3
Nd7 15. O-O Qf8 16. dxc5 bxc5 17. Rfd1 a5 18. Qc3 Qd6 19. Bb5 Nf6 20. h3 Qb6
21. Bd3 a4 22. a3 Rab8 23. Rb1 Re8 24. Bc2 Qa7 25. Ne5 Rbc8 26. Rbc1 Re7 27.
Nd3 Ne4 28. Qe1 Ree8 29. Nf4 Nf6 30. Rd2 Ra8 1/2-1/2

[Event "1MCR_3DE_1L_1S"]
[Site "?"]
[Date "2005.??.??"]
[Round "1"]
[White "Lounek, Jan"]
[Black "Bucek, Jiri"]
[Result "1/2-1/2"]
[WhiteElo "2380"]
[BlackElo "2326"]
[PlyCount "54"]
[EventDate "2005.??.??"]
[EventType "corr"]
[SourceDate "2005.03.20"]

1. d4 d5 2. c4 c6 3. Nf3 Nf6 4. Nc3 dxc4 5. a4 Bf5 6. e3 e6 7. Bxc4 Bb4 8. O-O
Nbd7 9. Qe2 Bg6 10. e4 O-O 11. Bd3 Bh5 12. e5 Nd5 13. Nxd5 exd5 14. Bf5 Re8 15.
Qd3 Nf8 16. Bd2 Qe7 17. Bxb4 Qxb4 18. Ne1 Qxb2 19. Nc2 Qb6 20. a5 Qc7 21. a6 b6
22. Nb4 Bg6 23. Rac1 Bxf5 24. Qxf5 c5 25. Nxd5 Qd8 26. Qf3 Rc8 27. dxc5 Rxc5
1/2-1/2

[Event "1MCR_3DE_1L_1S"]
[Site "?"]
[Date "2005.??.??"]
[Round "1"]
[White "Bucek, Jiri"]
[Black "Pecka, Josef"]
[Result "1/2-1/2"]
[WhiteElo "2326"]
[BlackElo "2309"]
[PlyCount "59"]
[EventDate "2005.??.??"]
[EventType "corr"]
[SourceDate "2005.03.20"]

1. d4 d5 2. c4 c6 3. Nf3 Nf6 4. Nc3 dxc4 5. a4 Bf5 6. e3 e6 7. Bxc4 Bb4 8. O-O
Nbd7 9. Qe2 Bg6 10. e4 O-O 11. Bd3 Bh5 12. e5 Nd5 13. Nxd5 exd5 14. Bf5 Re8 15.
Qd3 Nf8 16. Bd2 Qe7 17. Bxb4 Qxb4 18. Ne1 Qxb2 19. Nc2 Qb6 20. a5 Qc7 21. a6 b6
22. Nb4 Bg6 23. Bxg6 Nxg6 24. f4 Ne7 25. Rac1 Rac8 26. f5 Qd7 27. Rce1 c5 28.
Nc2 Nc6 29. f6 Qg4 30. Rf3 1/2-1/2

[Event "1MCR_3DE_1L_1S"]
[Site "?"]
[Date "2005.??.??"]
[Round "1"]
[White "Alexa, Jaroslav"]
[Black "Baciak, Miloslav"]
[Result "1-0"]
[WhiteElo "2341"]
[BlackElo "1895"]
[PlyCount "69"]
[EventDate "2005.??.??"]
[EventType "corr"]
[SourceDate "2005.03.20"]

1. e4 e5 2. Nf3 Nc6 3. d4 exd4 4. Nxd4 Nxd4 5. Qxd4 Ne7 6. Bc4 Nc6 7. Qd5 Qf6
8. O-O Bb4 9. c3 Ba5 10. e5 Qg6 11. Bf4 O-O 12. Nd2 Bb6 13. Rae1 Ne7 14. Qf3
Qc6 15. Qd3 a5 16. Bg5 Re8 17. Be3 Rf8 18. Ne4 Bxe3 19. Rxe3 d5 20. exd6 Nf5
21. Rh3 cxd6 22. Bd5 Qa6 23. c4 h6 24. g4 Ne7 25. Rxh6 Bf5 26. Nf6+ gxf6 27.
gxf5 Kg7 28. Kh1 Rg8 29. Rg1+ Kf8 30. Rxg8+ Nxg8 31. Rh7 Nh6 32. Qe3 Re8 33.
Rh8+ Ng8 34. Rxg8+ Kxg8 35. Qxe8+ 1-0

[Event "1MCR_3DE_1L_1S"]
[Site "?"]
[Date "2005.??.??"]
[Round "1"]
[White "Lounek, Jan"]
[Black "Vozda, Jindrich"]
[Result "1/2-1/2"]
[WhiteElo "2380"]
[BlackElo "2494"]
[PlyCount "66"]
[EventDate "2005.??.??"]
[EventType "corr"]
[SourceDate "2005.03.20"]

1. d4 e6 2. c4 Nf6 3. Nf3 d5 4. Nc3 c6 5. e3 Nbd7 6. Qc2 Bd6 7. Bd3 dxc4 8.
Bxc4 e5 9. O-O O-O 10. Bb3 Qe7 11. Bd2 e4 12. Ng5 Bxh2+ 13. Kxh2 Ng4+ 14. Kg1
Qxg5 15. Qxe4 Ndf6 16. Qf4 Qh4 17. f3 g5 18. Qd6 Ne8 19. Qxf8+ Kxf8 20. fxg4 f6
21. Ne4 Kg7 22. Bd1 Be6 23. Be1 Qh6 24. Rc1 Rd8 25. Bb4 Bd5 26. Ng3 Qg6 27. Bc2
Qf7 28. Kf2 Be6 29. Rh1 h6 30. Nh5+ Kg8 31. Ng3 Kg7 32. Nh5+ Kg8 33. Ng3 Kg7
1/2-1/2

[Event "1MCR_3DE_1L_2S"]
[Site "?"]
[Date "2005.??.??"]
[Round "2"]
[White "Markytan, Vladislav"]
[Black "Binas, Jindrich"]
[Result "1/2-1/2"]
[WhiteElo "2168"]
[BlackElo "2114"]
[PlyCount "85"]
[EventDate "2005.??.??"]
[EventType "corr"]
[SourceDate "2005.03.20"]

1. d4 Nf6 2. Nf3 g6 3. g3 Bg7 4. Bg2 O-O 5. O-O d6 6. c4 Nbd7 7. h3 c6 8. Qc2
e5 9. dxe5 Nxe5 10. Nxe5 dxe5 11. Rd1 Qe7 12. e4 Be6 13. b3 Rfd8 14. Rxd8+ Rxd8
15. Be3 h5 16. Nc3 b6 17. a4 Qc7 18. Rf1 Rd7 19. f4 exf4 20. gxf4 Rd8 21. e5
Bf5 22. Qf2 Ne8 23. Ne2 c5 24. Ng3 Bc8 25. Re1 Bb7 26. Ne4 Qc8 27. Qc2 Bxe4 28.
Qxe4 Bh6 29. a5 Ng7 30. axb6 axb6 31. Rf1 Nf5 32. Bf2 Rd2 33. Re1 Qd7 34. e6
fxe6 35. Qxe6+ Kh7 36. Bd5 Qxe6 37. Rxe6 Bxf4 38. Rxb6 Rd1+ 39. Kg2 Be3 40.
Bxe3 Nxe3+ 41. Kf3 Nxd5 42. cxd5 Rxd5 43. b4 1/2-1/2

[Event "1MCR_3DE_1L_2S"]
[Site "?"]
[Date "2005.??.??"]
[Round "2"]
[White "Struzka, Vlastimil"]
[Black "Sedlaty, Martin"]
[Result "1/2-1/2"]
[WhiteElo "2216"]
[BlackElo "1800"]
[PlyCount "116"]
[EventDate "2005.??.??"]
[EventType "corr"]
[SourceDate "2005.03.20"]

1. d4 d5 2. c4 dxc4 3. e3 e5 4. Nf3 exd4 5. Bxc4 Bb4+ 6. Bd2 Bxd2+ 7. Qxd2 Nc6
8. O-O Nf6 9. exd4 O-O 10. d5 Ne7 11. Nc3 a6 12. Rfe1 Qd6 13. Qd4 Bf5 14. Nh4
Bd7 15. Ne4 Nxe4 16. Rxe4 Rfe8 17. Rae1 b5 18. Bb3 c5 19. dxc6 Qxd4 20. Rxd4
Bxc6 21. f4 Rac8 22. Kf2 Kf8 23. Nf3 Red8 24. Red1 Rxd4 25. Rxd4 Be8 26. Rd2 h6
27. a3 a5 28. g3 a4 29. Bc2 b4 30. axb4 Rb8 31. b5 Bxb5 32. Nd4 Bd7 33. b3 a3
34. Be4 Be6 35. Ra2 Bxb3 36. Rxa3 Bd5 37. Bxd5 Nxd5 38. Nc6 Rc8 39. Ne5 g6 40.
Kf3 Kg7 41. Ra5 Ne7 42. Ra7 Rc3+ 43. Ke2 Kf8 44. Kd2 Rc8 45. Ng4 h5 46. Nf6
Rd8+ 47. Ke2 Nc6 48. Rb7 Kg7 49. Ne4 Re8 50. Kd3 Rd8+ 51. Ke3 Rd1 52. Ke2 Rd8
53. Ng5 Re8+ 54. Kf3 Re7 55. Rxe7 Nxe7 56. Ne4 Nc6 57. Ke3 Ne7 58. Kf3 Nd5
1/2-1/2

[Event "1MCR_3DE_1L_3S"]
[Site "?"]
[Date "2005.??.??"]
[Round "3"]
[White "Schwarz, Jan"]
[Black "Portych, Vaclav"]
[Result "1-0"]
[WhiteElo "2295"]
[BlackElo "2024"]
[PlyCount "93"]
[EventDate "2005.??.??"]
[EventType "corr"]
[SourceDate "2005.03.20"]

1. e4 c5 2. Nf3 Nc6 3. Bb5 g6 4. O-O Bg7 5. c3 Nf6 6. Re1 O-O 7. h3 e5 8. a3 a6
9. Bxc6 dxc6 10. d3 Qc7 11. Qc2 h6 12. Be3 b6 13. b4 cxb4 14. axb4 Be6 15. d4
exd4 16. cxd4 Rfc8 17. Nbd2 Ne8 18. Nc4 Kh7 19. Rac1 Bf8 20. Nxb6 Qxb6 21. d5
Qxb4 22. dxe6 fxe6 23. Ne5 Qb7 24. Red1 Rd8 25. Qa2 Ng7 26. Ng4 g5 27. Nf6+ Kh8
28. Rxd8 Rxd8 29. Qa1 Qb3 30. Ng4 Kh7 31. Nxh6 Ba3 32. Rb1 Bb2 33. Rxb2 Rd1+
34. Kh2 Rxa1 35. Rxb3 Kxh6 36. Rc3 Kg6 37. Rxc6 Ra5 38. g4 Kf7 39. e5 Kg6 40.
f4 gxf4 41. Bxf4 Ra2+ 42. Kg3 Ra3+ 43. Kg2 Ra2+ 44. Kf3 Ra3+ 45. Be3 Ra5 46.
Rc7 Ra1 47. h4 1-0

[Event "1MCR_3DE_1L_2S"]
[Site "?"]
[Date "2005.??.??"]
[Round "2"]
[White "Soucha, Stepan"]
[Black "Hlavac, Frantisek"]
[Result "1-0"]
[WhiteElo "2335"]
[BlackElo "2355"]
[PlyCount "51"]
[EventDate "2005.??.??"]
[EventType "corr"]
[SourceDate "2005.03.20"]

1. d4 Nf6 2. c4 c5 3. d5 e6 4. Nc3 exd5 5. cxd5 d6 6. e4 g6 7. f4 Bg7 8. Bb5+
Nbd7 9. e5 dxe5 10. fxe5 Nh5 11. e6 Qh4+ 12. g3 Nxg3 13. hxg3 Qxh1 14. Be3 Qg2
15. exd7+ Bxd7 16. Bxd7+ Kxd7 17. Qa4+ Kd8 18. O-O-O Bxc3 19. bxc3 Qxg3 20. Rd3
Qd6 21. Nf3 f6 22. Nd2 b6 23. Ne4 Qd7 24. Qa6 Qe7 25. Nxf6 Qxf6 26. Qb7 1-0

[Event "1MCR_3DE_1L_3S"]
[Site "?"]
[Date "2005.??.??"]
[Round "3"]
[White "Sykora, Josef"]
[Black "Glaser, Karel"]
[Result "1/2-1/2"]
[WhiteElo "2394"]
[BlackElo "2039"]
[PlyCount "95"]
[EventDate "2005.??.??"]
[EventType "corr"]
[SourceDate "2005.03.20"]

1. c4 Nf6 2. Nf3 e6 3. g3 a6 4. Bg2 b5 5. b3 Bb7 6. Nc3 b4 7. Na4 d6 8. O-O Be7
9. d4 O-O 10. a3 bxa3 11. Bxa3 Nbd7 12. Nc3 c5 13. d5 exd5 14. cxd5 Nb6 15. e4
Nfd7 16. Bb2 Bf6 17. Re1 Re8 18. h3 Bc8 19. Kh2 Rb8 20. Qd2 Qe7 21. Qc2 h5 22.
Ne2 h4 23. Nxh4 Bxh4 24. gxh4 Qxh4 25. Kg1 Ne5 26. Qc3 c4 27. bxc4 Nbxc4 28.
Bc1 Rb5 29. Bf4 Rc5 30. Bg3 Qh5 31. Nf4 Qh6 32. Nd3 Nxd3 33. Qxd3 Bxh3 34. Rxa6
Bxg2 35. Kxg2 f5 36. e5 f4 37. exd6 Rf8 38. Re8 Rxe8 39. d7 f3+ 40. Qxf3 Ne3+
41. Qxe3 Qxe3 42. fxe3 Rd8 43. Rd6 Rc7 44. Rc6 Rcxd7 45. e4 Rb7 46. Rc3 Rb4 47.
Kf3 g5 48. d6 1/2-1/2

[Event "1MCR_3DE_1L_2S"]
[Site "?"]
[Date "2005.??.??"]
[Round "2"]
[White "Hlavac, Frantisek"]
[Black "Pravec, Ladislav"]
[Result "1-0"]
[WhiteElo "2355"]
[BlackElo "2381"]
[PlyCount "60"]
[EventDate "2005.??.??"]
[EventType "corr"]
[SourceDate "2005.03.20"]

1. e4 c5 2. Nf3 Nc6 3. d4 cxd4 4. c3 dxc3 5. Nxc3 e6 6. Bc4 a6 7. O-O Nge7 8.
Bg5 f6 9. Be3 b5 10. Bb3 Bb7 11. Rc1 Na5 12. Nd4 b4 13. Na4 Nxb3 14. Nxb3 Bxe4
15. Bb6 Qb8 16. Bc7 Qb7 17. Nac5 Qd5 18. Qg4 Bg6 19. Qxb4 Nc6 20. Qb7 Ne5 21.
Qxd5 exd5 22. Rfd1 d6 23. Na4 Kf7 24. Rc3 Re8 25. f3 h5 26. Nb6 Nc4 27. Nxc4
dxc4 28. Rxc4 Re2 29. Bxd6 Bxd6 30. Rxd6 Rd8 1-0

[Event "1MCR_3DE_1L_3S"]
[Site "?"]
[Date "2005.??.??"]
[Round "3"]
[White "Peroutik, Jiri"]
[Black "Nepustil, Frantisek"]
[Result "1/2-1/2"]
[WhiteElo "1822"]
[BlackElo "2200"]
[PlyCount "43"]
[EventDate "2005.??.??"]
[EventType "corr"]
[SourceDate "2005.03.20"]

1. e4 g6 2. d4 Bg7 3. Nc3 d6 4. Bc4 Nf6 5. Nf3 O-O 6. O-O Nxe4 7. Nxe4 d5 8.
Bd3 dxe4 9. Bxe4 Nd7 10. Qe2 c5 11. Rd1 Qc7 12. c3 Nf6 13. Bc2 Rd8 14. dxc5
Rxd1+ 15. Qxd1 Be6 16. Be3 Ng4 17. Bd4 Bd5 18. g3 Rd8 19. Bxg7 Kxg7 20. b4 b6
21. Qd4+ Nf6 22. Qe5 1/2-1/2

[Event "1MCR_3DE_1L_2S"]
[Site "?"]
[Date "2005.??.??"]
[Round "2"]
[White "Struzka, Vlastimil"]
[Black "Markytan, Vladislav"]
[Result "0-1"]
[WhiteElo "2216"]
[BlackElo "2168"]
[PlyCount "122"]
[EventDate "2005.??.??"]
[EventType "corr"]
[SourceDate "2005.03.20"]

1. d4 Nf6 2. c4 e6 3. Nc3 Bb4 4. e3 O-O 5. Bd3 d5 6. Nf3 b6 7. O-O dxc4 8. Bxc4
Bb7 9. Bd2 Nbd7 10. Rc1 a6 11. Bd3 c5 12. Ng5 b5 13. a3 Ba5 14. Nce4 cxd4 15.
exd4 h6 16. Nd6 Bd5 17. Ndxf7 Rxf7 18. Nxf7 Kxf7 19. Bxa5 Qxa5 20. Re1 Nb6 21.
Qc2 Nc4 22. b3 Nd6 23. Qb2 b4 24. a4 Nde4 25. Bc4 Nc3 26. Bd3 Rd8 27. Rc2 Qb6
28. Rd2 Nfe4 29. Bxe4 Bxe4 30. Kh1 Rxd4 31. f3 Bd5 32. Rxd4 Qxd4 33. Qc2 a5 34.
h3 Kg8 35. Kh2 Qf4+ 36. Kh1 e5 37. Qd3 Bxb3 38. Qd8+ Kh7 39. Qxa5 Bxa4 40. Rxe5
Qd4 41. Re1 Bc2 42. Re8 b3 43. Qa8 b2 44. Rh8+ Kg6 45. Qe8+ Kg5 46. Qe7+ Kh5
47. Qe8+ g6 48. g4+ Kg5 49. h4+ Kf4 50. Rf8+ Kg3 51. Qb8+ Kf2 52. Qh2+ Ke3 53.
Qg1+ Kd3 54. Qf1+ Ne2 55. Rb8 Qe5 56. Rxb2 Qxb2 57. Kg2 Bb3 58. Qf2 Nf4+ 59.
Kg3 Qxf2+ 60. Kxf2 g5 61. Kg3 Ke2 0-1

[Event "1MCR_3DE_1L_3S"]
[Site "?"]
[Date "2005.??.??"]
[Round "3"]
[White "Cakl, Zdenek"]
[Black "Valak, Alois"]
[Result "1/2-1/2"]
[WhiteElo "2139"]
[BlackElo "2250"]
[PlyCount "64"]
[EventDate "2005.??.??"]
[EventType "corr"]
[SourceDate "2005.03.20"]

1. e4 c5 2. Nf3 e6 3. d4 cxd4 4. Nxd4 Nf6 5. Nc3 d6 6. g4 h6 7. h3 Nc6 8. Be3
Be7 9. Qd2 a6 10. Rg1 Nxd4 11. Qxd4 e5 12. Qd3 Be6 13. O-O-O Rc8 14. Kb1 Nd7
15. Nd5 Nc5 16. Bxc5 Rxc5 17. Nxe7 Kxe7 18. Qe3 Qa5 19. a3 Rhc8 20. Qd2 Qxd2
21. Rxd2 b5 22. Bd3 f6 23. Rgd1 Rb8 24. Be2 Rb6 25. f3 Bf7 26. h4 Be6 27. h5
Rc7 28. b3 Rbc6 29. Kb2 Rc8 30. Ra1 R8c7 31. Rad1 Bf7 32. Rc1 Rc3 1/2-1/2

[Event "1MCR_3DE_1L_2S"]
[Site "?"]
[Date "2005.??.??"]
[Round "2"]
[White "Klimecky, Tomas"]
[Black "Janous, Petr"]
[Result "1/2-1/2"]
[WhiteElo "1800"]
[BlackElo "2270"]
[PlyCount "69"]
[EventDate "2005.??.??"]
[EventType "corr"]
[SourceDate "2005.03.20"]

1. e4 e5 2. Nf3 Nc6 3. d4 exd4 4. Nxd4 Nf6 5. Nxc6 bxc6 6. e5 Qe7 7. Qe2 Nd5 8.
c4 Ba6 9. b3 Qh4 10. a3 Bc5 11. g3 Bxf2+ 12. Qxf2 Qe4+ 13. Kd1 Qxh1 14. Nd2
Nc3+ 15. Kc2 Ne4 16. Nxe4 Qxe4+ 17. Bd3 Qg4 18. Bf5 Qh5 19. h4 f6 20. g4 Qf7
21. exf6 gxf6 22. Qc5 Qe7 23. Qxe7+ Kxe7 24. Bb2 Raf8 25. g5 fxg5 26. Re1+ Kd8
27. hxg5 Rhg8 28. Bf6+ Rxf6 29. gxf6 Rf8 30. Re7 Rxf6 31. Rxd7+ Ke8 32. Bh3 Rh6
33. Rd3 Bb7 34. c5 a5 35. Re3+ 1/2-1/2

[Event "1MCR_3DE_1L_3S"]
[Site "?"]
[Date "2005.??.??"]
[Round "3"]
[White "Mika, Petr"]
[Black "Glaser, Karel"]
[Result "0-1"]
[WhiteElo "1715"]
[BlackElo "2039"]
[PlyCount "86"]
[EventDate "2005.??.??"]
[EventType "corr"]
[SourceDate "2005.03.20"]

1. e4 e5 2. Nc3 Nf6 3. Bc4 Bc5 4. d3 d6 5. Bg5 Be6 6. Qf3 Nc6 7. Nge2 h6 8.
Bxf6 Qxf6 9. Qxf6 gxf6 10. Nd5 Bxd5 11. Bxd5 Ne7 12. Bb3 a5 13. a4 f5 14. Ng3
fxe4 15. Nxe4 Ba7 16. Ke2 Ng6 17. Nf6+ Kf8 18. g3 h5 19. Ne4 Ke7 20. h4 c6 21.
c3 d5 22. Ng5 f6 23. Nf3 Kd6 24. Bc2 Rae8 25. Rab1 Rhf8 26. Nd2 Bc5 27. Nb3 Bb6
28. d4 exd4+ 29. Kf1 d3 30. Bxd3 f5 31. Kg2 Rg8 32. Rbd1 f4 33. Bxg6 Rxg6 34.
Rhe1 Rxe1 35. Rxe1 Rg4 36. Ra1 fxg3 37. fxg3 Re4 38. Kf3 Ke5 39. Nc1 Re3+ 40.
Kg2 Kf5 41. Na2 Kg4 42. b4 Rxg3+ 43. Kh2 Rf3 0-1

[Event "1MCR_3DE_1L_1S"]
[Site "?"]
[Date "2005.??.??"]
[Round "1"]
[White "Mezera, Lukas"]
[Black "Svoboda, Frantisek"]
[Result "1/2-1/2"]
[WhiteElo "2266"]
[BlackElo "2391"]
[PlyCount "59"]
[EventDate "2005.??.??"]
[EventType "corr"]
[SourceDate "2005.03.20"]

1. Nf3 d5 2. c4 d4 3. g3 c5 4. Bg2 Nc6 5. d3 e5 6. O-O Nf6 7. e3 Be7 8. exd4
exd4 9. Bf4 O-O 10. Ne5 Nxe5 11. Bxe5 Ng4 12. Bf4 Bd6 13. Bxd6 Qxd6 14. Nd2 Ne5
15. Ne4 Qc7 16. h3 Bf5 17. f4 Bxe4 18. Bxe4 Nd7 19. Qd2 Rae8 20. Rae1 Nf6 21.
Bg2 b6 22. a3 Qc8 23. Kh2 Rxe1 24. Rxe1 Re8 25. b4 h6 26. Rxe8+ Qxe8 27. bxc5
bxc5 28. Qa5 Qe7 29. Qa6 g6 30. Qb7 1/2-1/2

[Event "1MCR_3DE_1L_1S"]
[Site "?"]
[Date "2005.??.??"]
[Round "1"]
[White "Bares, Jiri"]
[Black "Baciak, Miloslav"]
[Result "1-0"]
[WhiteElo "2174"]
[BlackElo "1895"]
[PlyCount "109"]
[EventDate "2005.??.??"]
[EventType "corr"]
[SourceDate "2005.03.20"]

1. d4 d5 2. c4 e6 3. Nc3 Nf6 4. Bg5 Be7 5. Nf3 O-O 6. e3 h6 7. Bh4 b6 8. cxd5
Nxd5 9. Bxe7 Qxe7 10. Nxd5 exd5 11. Rc1 Be6 12. Be2 c5 13. b3 Rc8 14. O-O a5
15. Bb5 Nd7 16. Qd3 Ra7 17. dxc5 Nxc5 18. Qd4 Rac7 19. Rfe1 Ne4 20. Rxc7 Qxc7
21. Bd3 Nc3 22. a4 Ne4 23. Ba6 Re8 24. Bd3 Rc8 25. Ba6 Re8 26. Qb2 Nc5 27. Rc1
Bd7 28. Bd3 Qd6 29. Bb1 f5 30. g3 g5 31. Nd4 Qe5 32. Qc2 Rc8 33. Qd2 Rf8 34. b4
Ne4 35. Bxe4 dxe4 36. bxa5 bxa5 37. Qa2+ Kh7 38. Rb1 Kg7 39. Rb6 Rc8 40. Ne6+
Kh8 41. Kg2 Bc6 42. Nd4 f4 43. Qf7 f3+ 44. Kg1 Qc5 45. Qf6+ Kh7 46. h4 gxh4 47.
Rxc6 Rxc6 48. Qxc6 Qxc6 49. Nxc6 hxg3 50. Nxa5 h5 51. fxg3 Kg6 52. Nc6 Kf5 53.
a5 Kg4 54. Kf2 h4 55. gxh4 1-0

[Event "1MCR_3DE_1L_2S"]
[Site "?"]
[Date "2005.??.??"]
[Round "2"]
[White "Paukert, Martin"]
[Black "Pytlik, Lesek"]
[Result "0-1"]
[WhiteElo "2074"]
[BlackElo "2367"]
[PlyCount "66"]
[EventDate "2005.??.??"]
[EventType "corr"]
[SourceDate "2005.03.20"]

1. f4 d5 2. Nf3 Nf6 3. e3 g6 4. Be2 Bg7 5. O-O c5 6. d3 O-O 7. Qe1 Nc6 8. Qh4
e6 9. Nbd2 Nd7 10. Qxd8 Rxd8 11. c3 b6 12. e4 Ba6 13. Re1 d4 14. e5 f6 15. exf6
Nxf6 16. c4 Nb4 17. Rd1 Ng4 18. Nf1 Nc2 19. Ne1 Nce3 20. Bxg4 Nxg4 21. Rb1 Bb7
22. Nc2 Re8 23. b4 cxb4 24. Rxb4 e5 25. h3 Nf6 26. fxe5 Rxe5 27. Ng3 h5 28. Rb2
h4 29. Bf4 Re6 30. Nf1 Nh5 31. Bg5 Rae8 32. Rd2 Re5 33. Bxh4 Nf4 0-1

[Event "1MCR_3DE_1L_1S"]
[Site "?"]
[Date "2005.??.??"]
[Round "1"]
[White "Baciak, Miloslav"]
[Black "Vozda, Jindrich"]
[Result "1/2-1/2"]
[WhiteElo "1895"]
[BlackElo "2494"]
[PlyCount "74"]
[EventDate "2005.??.??"]
[EventType "corr"]
[SourceDate "2005.03.20"]

1. e4 c5 2. Nf3 Nc6 3. d4 cxd4 4. Nxd4 Nf6 5. Nc3 e5 6. Ndb5 d6 7. Bg5 a6 8.
Na3 b5 9. Bxf6 gxf6 10. Nd5 f5 11. exf5 Bxf5 12. c3 Be6 13. Nc2 Bh6 14. g3 O-O
15. Bg2 f5 16. Qh5 Bg7 17. Rd1 Rc8 18. Nce3 Ne7 19. Qh4 Rf7 20. Nxe7+ Rxe7 21.
Bd5 Qf8 22. O-O Bxd5 23. Rxd5 Rf7 24. f4 Re8 25. Rf3 Rf6 26. Qh5 exf4 27. Nxf5
Re1+ 28. Rf1 Re5 29. Rxe5 dxe5 30. Nxg7 Qc5+ 31. Kg2 Qd5+ 32. Kh3 Qd7+ 33. Kh4
Qxg7 34. Qe8+ Rf8 35. Qe6+ Kh8 36. Rf3 h5 37. Kh3 fxg3 1/2-1/2

[Event "1MCR_3DE_1L_1S"]
[Site "?"]
[Date "2005.??.??"]
[Round "1"]
[White "Alexa, Jaroslav"]
[Black "Splichal, Josef"]
[Result "1-0"]
[WhiteElo "2341"]
[BlackElo "2279"]
[PlyCount "111"]
[EventDate "2005.??.??"]
[EventType "corr"]
[SourceDate "2005.03.20"]

1. e4 e5 2. Nf3 Nc6 3. d4 exd4 4. Nxd4 Nf6 5. Nxc6 bxc6 6. e5 Qe7 7. Qe2 Nd5 8.
c4 Nb6 9. Nc3 Qe6 10. Qe4 Ba6 11. b3 O-O-O 12. Bb2 Bb7 13. O-O-O Re8 14. f4 d5
15. cxd5 cxd5 16. Qc2 Kb8 17. Kb1 c5 18. Bb5 Rc8 19. f5 Qe7 20. Rhe1 d4 21. Na4
Nd5 22. Bc1 Qh4 23. g3 Qh5 24. Qf2 Nc7 25. Bd3 Bf3 26. Rd2 Nd5 27. Be4 Bxe4+
28. Rxe4 g6 29. f6 Bh6 30. Rc2 d3 31. Rcc4 Qf5 32. Qg2 Bxc1 33. Kxc1 Nb6 34.
Nxb6 axb6 35. Ra4 Rc6 36. Re3 Qd7 37. Kd2 Qb7 38. Rxd3 b5 39. Ra3 c4 40. Rd4
cxb3 41. Qd5 bxa2 42. Rxa2 Rhc8 43. Ra3 h5 44. Ke3 Rc5 45. Qxb7+ Kxb7 46. Rd7+
Kc6 47. Re7 b4 48. Ra6+ Kb5 49. Raa7 Rb8 50. e6 Re5+ 51. Kd4 Rxe6 52. Rxe6 fxe6
53. f7 Kc6 54. Re7 Rf8 55. Ke5 b3 56. Rxe6+ 1-0